Sanat: "Ruoste" - CMX - Statistics

Yleistilastot
  • Tätä visaa on pelattu 125 kertaa
  • Keskiarvotulos 69 / 105
Vastaustilastot
Sanat % Oikein
Ja
88%
ja
88%
on
88%
ruoste
88%
Se
88%
nuolee
86%
raunioita,
86%
raunioita
86%
käsiään
84%
kotien
84%
Savu
84%
Lämmittää
83%
lämmittää
83%
palaneiden
83%
tiedäthän
83%
miltä
81%
tuhkassa
81%
tuntuu
81%
tuntuu,
81%
hiljaa
72%
Kaikki
71%
Hei,
67%
käy,
67%
kuinka
67%
katso
66%
kun
64%
Niin
62%
Minä
59%
aurinko
57%
kuu
57%
paperit
57%
kädet
55%
kirjat
55%
poltan
55%
taas
55%
muistot
53%
päätä,
53%
tuntea
53%
Ehkä
52%
nämäkin
52%
ovat
52%
silittää
52%
huonekalut
50%
kerään
50%
lyhyet
50%
maailman
50%
murhaajan
50%
taivaalla
50%
vuodet
50%
yhdessä
50%
kaiken
48%
myös
48%
paino
48%
sataa
48%
näkemästä
47%
esiin
45%
estää
45%
pihalle
43%
mikä
40%
mutta
40%
vuorten
40%
ylle
40%
jotka
38%
tomu
38%
jota
36%
tielle
36%
elämän
34%
etsivät
34%
hyvä,
34%
tulevat
28%
valheet,
22%
Ehtoja vastaavia visoja ei löytynyt
Tulosjakauma
Jokaisen tuloksen saaneiden osuus
Persentiili vastausten määrän mukaan
Tuloshistoriasi
Et ole pelannut tätä visaa